00403nam a2200169 a 450000100060000000300090000600800410001502000150005604000280007108200090009910000240010824500130013226000290014530000110017449000250018565000230021019138CO-ViMGA141112s2004 ck r 000 u spa d a9580456437 aCO-ViMGAbspacCO-ViMGA04aROSc1 aRosero, Evelio Jose10aCuchilla aBogotá : bNorma; 2003 a154 p. aTorre de papel, Azul14aCUENTOS INFANTILES